000 00393nam a22001217a 4500
082 _a200 THE
100 _aAmna Liaqat
_969857
245 _aTH-SOF-1634-Modeling the Effect of Non-Spherical Particle Size in Laser Metal Deposition Process
260 _aISLAMABAD
_bNUST COLLEGE OF EME
_c2019
650 _aMS-MECH-2016 MSTHESIS
700 _aSupervisor Dr. Khalid Mahmood
_969858
942 _cCF
999 _c576952
_d576952